| 000 | 00514nam a22001457a 4500 | ||
|---|---|---|---|
| 003 | MACL | ||
| 005 | 20151101141723.0 | ||
| 008 | 151101b xxu||||| |||| 00| 0 eng d | ||
| 040 | _cMACL | ||
| 041 | _aHindi | ||
| 100 |
_aअरिहन्त _991 |
||
| 245 | _aवन क्षेत्रपाल एवं सहायक वन संरक्षक भर्ती परीक्षा | ||
| 260 |
_aमेरठ _bअरिहन्त पब्लिकेशन्स _c2015 |
||
| 942 |
_2ddc _cHIN |
||
| 999 |
_c50496 _d50496 |
||